000
00337nam a22001457a 4500
008
221213b ||||| |||| 00| 0 eng d
020
_a
9781435441156
041
_a
eng
080
_2
7TH EDITION
_a
61
082
_a
61IRE
100
_a
8
101
_a
MJEKSI
245
_a
BEGINNING MEDICAL TRANSCRIPTION
_c
IRELAND P
942
_2
udc
_c
BK
999
_c
59181
_d
59181